All Dominic Thiem Title Opponents - Statistics

General Stats
  • This quiz has been taken 47 times
  • The average score is 7 of 17
Answer Stats
Year Tournament Category Defeated % Correct
2016 Nice ATP 250 Alexander Zverev
93%
2020 US Open Grand Slam Alexander Zverev
93%
2019 Indian Wells Masters 1000 Roger Federer
90%
2019 Barcelona ATP 500 Daniil Medvedev
80%
2019 Vienna ATP 500 Diego Schwartzman
78%
2019 Beijing ATP 500 Stefanos Tsitsipas
71%
2018 Lyon ATP 250 Gilles Simon
24%
2017 Rio de Janeiro ATP 500 Pablo Carreño Busta
24%
2019 Kitzbühel ATP 250 Albert Ramos Viñolas
22%
2016 Stuttgart ATP 250 Philipp Kohlschreiber
22%
2016 Acapulco ATP 500 Bernard Tomic
20%
2015 Gstaad ATP 250 David Goffin
20%
2016 Buenos Aires ATP 250 Nicolás Almagro
17%
2015 Nice ATP 250 Leonardo Mayer
12%
2018 St. Petersburg ATP 250 Martin Kližan
12%
2018 Buenos Aires ATP 250 Aljaž Bedene
10%
2015 Umag ATP 250 João Sousa
7%
No matching quizzes found
Score Distribution
Percent of People with Each Score
Percentile by Number Answered
Your Score History
You have not taken this quiz